| 000 | 01417nam0a22003371 4500 | ||
|---|---|---|---|
| 001 | rc\4066526 | ||
| 005 | 20260406094419.0 | ||
| 021 |
_aRU _b[48-17564] |
||
| 035 | _a(NLR Aleph) 008116592 | ||
| 090 |
_a9337900 _c9337900 |
||
| 100 | _a20130415d1948 u y0rusy50 ca | ||
| 101 | 1 |
_arus _cfre |
|
| 102 | _aRU | ||
| 105 | _aa z |||a| | ||
| 200 | 1 |
_aЖизнь _eРоман _fПер. Н. Касаткиной _g[Послесл.: А. Пузиков. "Роман Мопассана "Жизнь", с. 225-230 _gИл.: Д. Митрохин] |
|
| 210 |
_aМосква _cГослитиздат _d1948 _g6-я тип. треста "Полиграфкнига" |
||
| 215 |
_a230 с., 5 л. ил. _cил. _d21 |
||
| 300 | _aПеред загл. авт.: Ги де Мопассан | ||
| 606 |
_aДворянство во Франции (х. л.) _2psbo |
||
| 606 |
_aЖенщина во Франции (х. л.) _2psbo |
||
| 606 |
_aСемья во Франции (х. л.) _2psbo |
||
| 607 |
_aФранция _z19 в. (х. л.) _2psbo |
||
| 700 | 1 |
_aМопассан _bГ. де _f1850-1893 _gГюи де |
|
| 702 | 1 |
_aПузиков _bА. _4080 |
|
| 702 | 1 |
_aКасаткина _bН. _4730 |
|
| 702 | 1 |
_4440 _aМитрохин _bД. И. _f1883-1973 _gДмитрий Исидорович _951637 _3RU\NLR\auth\7768709 |
|
| 801 | 0 |
_aRU _bNLR _gpsbo |
|
| 801 | 1 |
_aRU _bELAR _2rusmarc |
|
| 852 |
_aNLR _jЛ60 Г-3/87 |
||
| 942 | _cBOOK | ||
| 980 | _aNB | ||